000
00306pab a2200145 454500
008
180718b1985 xxu||||| |||| 00| 0 eng d
100
_a
Muthamma, C.R.
245
_a
The national ethos
260
_c
1985
300
_a
38-40
362
_a
Sept.
650
_a
Hinduism
773
_a
Seminar
909
_a
9728
999
_c
9728
_d
9728